000
00342nam a2200145Ia 4500
008
150201s1999 xx 000 0 und d
082
_a
617.6
_b
O1999M
100
_a
MARSH,PILIP
245
_a
ORAL MICROBIOLOGY
250
_a
4TH
260
_b
WRIGHT PUBLICATION
_a
OXFORD
_c
1999
300
_a
1-192
650
_a
MICROBIOLOGY
942
_2
ddc
_c
BK
999
_c
3712
_d
3712